Представление документа в формате RUSMARC

ПолеНазваниеЗначение
  Тип записи a
  Библиографический уровень a
001 Контрольный номер RU/CBS_UL/BASE/562763566
005 Дата корректировки 20250226090341.6
100 Данные общей обработки __
a Данные общей обработки 20171031d2017 ||| 0rusy0189 ca
101 Язык документа 0_
a Язык текста rus
102 Страна публикации __
a Страна публикации RU
105 Кодированные данные (монография) __
a Кодированные данные (монография) y###||||000|y
200 Заглавие и сведения об ответственности 1_
a Заглавие Софья Крамская - художница, дочь художника
b Общее обозначение материала Текст
e Сведения, относящиеся к заглавию [о русском живописце И.Н. Крамском и его дочери художнице С.И.Крамской]
f Первые сведения об ответственности И. Опимах
300 Общие примечания __
a Общие примечания Ограничения по возрасту - 16+
461 Уровень набора _0
1 2000
a Смена
463 Уровень физической единицы _0
1 001RU/CBS_UL/BASE/562186629
1 2000
a № 7
v С. 66-77 : фото
1 210
d 2017
600 Персоналии _0
a Персоналии (Фамилия) Крамской
b Персоналии (Имя, инициалы) И. Н.
600 Персоналии _0
a Персоналии (Фамилия) Крамская
b Персоналии (Имя, инициалы) С. И.
606 Тематические рубрики 0_
a Основная рубрика Крамской, Иван Николаевич (1837-1887)
606 Тематические рубрики 0_
a Основная рубрика Юнкер-Крамская, Софья Ивановна (1867-1933)
610 Ключевые слова 0_
a Ключевые слова российские художники
a Ключевые слова российские художницы
a Ключевые слова российские художники-живописцы
a Ключевые слова российские живописцы
a Ключевые слова художники-живописцы
a Ключевые слова художники
a Ключевые слова художницы
a Ключевые слова живописцы
a Ключевые слова портретная живопись
a Ключевые слова портреты
a Ключевые слова искусство
686 Индексы других классификаций __
a Классификационный индекс 85.143(2)
2 Код системы ББК
700 Автор _1
a Фамилия Опимах
b Имя (инициалы) И.
801 Источник записи _0
a Страна RU
b Организация МБУК ЦБС г. Ульяновска
c Дата составления 20171031
g Правила каталогизации RCR
801 Источник записи _1
a Страна RU
b Организация МБУК ЦБС г. Ульяновска
c Дата составления 20171031
g Правила каталогизации RCR
901 Тип документа __
t Тип документа b
w Контрольный № источника RU/CBS_UL/BASE/562186629
910 Корректоры записи __
a Корректор записи Ильина
938 Служебная информация __
a Имя БД period